| 000 | 00655nam a2200241Ia 4500 | ||
|---|---|---|---|
| 005 | 20260430150058.0 | ||
| 008 | 008 250103s9999 xx 000 0 eng d | ||
| 037 | _aTheses | ||
| 040 | _aCRL | ||
| 040 | _beng | ||
| 040 | _ceng | ||
| 041 | _2eng | ||
| 041 | _aeng | ||
| 084 | _qCRL | ||
| 100 |
_aShrivastava Shweta Au.; Singh Kavita Gu. _91236388 |
||
| 245 | 2 | _aA Study of Workplace Deviance in Select Business Organizations in India | |
| 260 | _c2022 | ||
| 300 | _a192p. | ||
| 650 | _aManagement | ||
| 700 |
_aUniversity of Delhi. Faculty of Management Studies. Deptt of Management _91236389 |
||
| 942 | _cTH | ||
| 999 |
_c1848891 _d1848891 |
||